1664 1744 1777 1819 1472 1273 1310 1280 1663 1346 1212 1869 1389 1934 1269 1674 1836 1679 1122 1253 1170 1098 1811 1776 1982 1472 1582 1666 1110 1577 1906 1311 1669 1354 1487 1385 1134 1138 1862 1419 1036 1038 1232 1589 1304 1721 1417 1951 1021 1876 1913 1166 1744 1993 1219 1450 1303 1875 1192 1877 1629 1705 1629 1130 1961 1159 1267 1921 1630 1618 1325 1104 1557 1163 1441 1245 1637 1115 1606 1917 1253 1439 1401 1532 1273 1879 1218 1226 1961 1524 1429 1472 1719 1331 1834 1891 1323 1607 1691 BCNSPRNW ULIB Ver.6.0+V

เปลี่ยนเป็นภาษาไทย

Change to English
 แสดงรายละเอียดบรรณานุกรม
  กลับหน้าหลัก

Brief Record : Get Marc (ISO 2709) : E-mail record : QR code < ปิดหน้าต่าง
LEADER : 00000nam 2200000uu 4500
001    13399111524
003     ULIB
008    110628s||||||||th 000 0 tha d
020    9748815064
020    9789748815060
050  4 BQ4570^bท237ต 2550
100 0  ทศพร ศรีคำ กลมเกลียว
245 10 ต้นบุญ/^cทศพร ศรีคำ กลมเกลียว
250    พิมพ์ครั้งที่ 2
260    กรุงเทพฯ :^bต้นบุญ,^c 2550
300    174 หน้า^bภาพประกอบ
650  7 บุญ
650  7 พุทธศาสนา
650  7 ความเชื่อ
945    ^p140^l0^i025105
995    ทศพร
999 ^a ใช้งานได้ทุกระบบ
รายการนี้ยังไม่มีแท็ก
คุณยังไม่ได้ล็อกอิน คุณสามารถมีกิจกรรมร่วมกับเว็บไซต์ได้ แต่ต้องล็อกอินก่อน ::
  ล็อกอิน

รายการสื่อสารสนเทศ

ลำดับที่ ประเภท เลขเรียก/บาร์โค้ด สถานที่ สถานะ
- ไม่พบข้อมูล -

รายการใกล้เคียง
    หัวเรื่อง [บุญ]
    หัวเรื่อง [พุทธศาสนา]
    หัวเรื่อง [ความเชื่อ]

BibComment


ยังไม่เคยถูกคอมเมนท์

คอมเมนท์ทรัพยากรรายการนี้
  คอมเมนท์: ต้นบุญ ทศพร ศรีคำ..


 Copyright 2026. Bcnsprnw @Library